01017nam a22002537a 450000500170000000800410001702000150005804000070007304100080008008200200008810000400010824500280014826000480017630000240022436500130024852002090026165000210047065000370049165000310052870000400055994200120059999900190061195201330063020230714143130.0230714b ||||| |||| 00| 0 eng d a9679920046 cAL aeng 223a294.3bBUDG aBuddhist Missionary Society9126998 aGems of Buddhist Wisdom aMalaysisbBuddhist Missionary Societyc1996 a519p.bPBc19x13cm. 2Religion aA Dhamma text full of articles written in a simple and concise manner. Covers general views of buddhism, the buddha and his teachings, buddhism and life, buddhist approach to problems, buddhist practices. aBuddhism9126994 aBuddha and his teachings9126995 aBuddhist Practices9126996 aBUDDHIST MISSIONARY SOCIETY9126997 2ddccDB c227880d227880 00102ddc40708OTHaALbALd2023-06-28l0o294.3 BUDGpD06028r2023-07-14 00:00:00w2023-07-14yDBzDonated by V. T. Rajshekar